Tough Love - Gracie Abrams (All Lyrics) - Statistics

General Stats
  • This quiz has been taken 9 times
  • The average score is 394 of 472
Answer Stats
Lyrics % Correct
a
100%
and
100%
And
100%
Boston
100%
boy
100%
boys
100%
But,
100%
but
100%
But
100%
cry
100%
fight,
100%
fight
100%
full
100%
go
100%
gone,
100%
hate
100%
he
100%
He's
100%
he's
100%
his
100%
honestly,
100%
I
100%
I'm
100%
in
100%
is
100%
it,
100%
it
100%
it's
100%
jacket
100%
just
100%
like
100%
love
100%
lucky
100%
might
100%
more
100%
more,
100%
night
100%
night,
100%
no,
100%
No
100%
No,
100%
of
100%
on
100%
one
100%
ran
100%
receive
100%
rip
100%
Saturday
100%
side
100%
strangers,
100%
sucks
100%
that
100%
that's
100%
the
100%
The
100%
them
100%
This
100%
to
100%
took
100%
tough
100%
train
100%
twenty-four,
100%
wanted
100%
we
100%
what
100%
whatever,
100%
when
100%
When
100%
with
100%
yeah,
100%
always
80%
be
80%
bluff
80%
bored
80%
call
80%
charmed,
80%
Couldn't
80%
date
80%
'em
80%
feel
80%
for
80%
friends
80%
funny
80%
guess
80%
him
80%
I'd
80%
I'll
80%
laughed
80%
leave
80%
leavin'
80%
left
80%
left,
80%
me
80%
mean
80%
my
80%
not
80%
Not
80%
Oh,
80%
really
80%
Said
80%
second
80%
so
80%
summer,
80%
there
80%
tried
80%
twenties
80%
until
80%
was
80%
waste
80%
you're
80%
all
60%
bar
60%
bed
60%
binge-drinkin'
60%
bleedin'
60%
by
60%
chance
60%
Charles
60%
cooler
60%
damn
60%
denyin'
60%
direct
60%
down
60%
ego,
60%
gave
60%
gonna
60%
got
60%
harsh
60%
inflated
60%
I've
60%
kicked
60%
know
60%
leaving
60%
men
60%
met
60%
miss
60%
nights
60%
now
60%
old
60%
own
60%
random
60%
reasons
60%
river
60%
road
60%
shallow
60%
shitty
60%
sister
60%
sleepin'
60%
smarter
60%
somewhere
60%
than
60%
their
60%
there's
60%
thinkin'
60%
Through
60%
tougher
60%
wasted
60%
way
60%
while
60%
At
40%
back
40%
benches
40%
boats
40%
boyfriends
40%
college,
40%
crumble
40%
effect
40%
float
40%
had
40%
He'll
40%
Her
40%
Hmm
40%
home,
40%
if
40%
intellect
40%
kinda
40%
liked
40%
Ooh
40%
pieces
40%
right?
40%
see
40%
She
40%
she
40%
she's
40%
someone
40%
stop
40%
tell
40%
tempting
40%
truth,
40%
walkin'
40%
weird
40%
you'd
40%
No matching quizzes found
Score Distribution
Percent of People with Each Score
Percentile by Number Answered
Your Score History
You have not taken this quiz